Tactical pilotage chart, TPC. K-2C, Benin, Burkina, Niger, Nigeria, Togo /

Bibliographic Details
Corporate Author: Aerospace Center (U.S.)
Format: Government Document Map
Language:English
Published: St. Louis, Mo. : The Center ; [1992]
Edition:Ed. 1.
Subjects:

MARC

Tag First Indicator Second Indicator Subfields
LEADER 00000cem a2200000Ia 4500
001 in00000005503
005 20150929093938.0
007 aj canzn
008 990917s1992 mouabcgcc a f 0 eng d
034 1 |a a  |b 500000  |d E0010000  |e E0070000  |f N0120000  |g N0080000 
035 |a (OCoLC)ocm42385889 
035 |a (OCoLC)42385889 
037 |a TPCXXK 02 C  |b DMA 
040 |a GPO  |c GPO  |d UtOrBLW 
049 |a TXAM 
052 |a 8751 
052 |a 8806 
052 |a 8771 
052 |a 8841 
052 |a 8761 
074 |a 0378-E-05 
086 0 |a D 5.354:TPC K-2 C/986 
090 |a G3201.P6 s500  |b .U5 TPC K-2C 
110 2 |a Aerospace Center (U.S.) 
245 1 0 |a Tactical pilotage chart, TPC.  |n K-2C,  |p Benin, Burkina, Niger, Nigeria, Togo /  |c prepared and published by the Defense Mapping Agency Aerospace Center. 
246 2 |a TPC, Benin, Burkina, Niger, Nigeria, Togo 
246 3 0 |a Benin, Burkina, Niger, Nigeria, Togo 
250 |a Ed. 1. 
255 |a Scale 1:500,000 ;  |b Lambert conformal conic proj., standard parallels 9⁰20ʹ and 14⁰40ʹ (E 1⁰--E 7⁰/N 12⁰--N 8⁰). 
264 1 |a St. Louis, Mo. :  |b The Center ;  |c [1992] 
264 2 |a Riverdale, MD :  |b NOAA Distribution Branch (N/CG33), National Ocean Service [distributor], 
300 |a 1 map :  |b color ;  |c on sheet 106 x 146 cm., folded to 27 x 37 cm. 
336 |a cartographic image  |b cri  |2 rdacontent 
337 |a unmediated  |b n  |2 rdamedia 
338 |a sheet  |b nb  |2 rdacarrier 
500 |a Relief shown by contours, shading, tints, and spot heights. 
500 |a "Air information current through 31 March 1986." 
500 |a Shipping list number: 99-2016-S. 
500 |a "Compiled September 1985." 
500 |a "Lithographed by DMAAC 8-92." 
500 |a Includes elevation tints and interchart relationship diagrams. 
500 |a Shipping List #: 99-2016-S 
500 |a Shipping List Date: 08/20/99 
500 |a Cartographic material. 
650 0 |a Aeronautical charts  |z Benin. 
650 0 |a Aeronautical charts  |z Burkina Faso. 
650 0 |a Aeronautical charts  |z Niger. 
650 0 |a Aeronautical charts  |z Nigeria. 
650 0 |a Aeronautical charts  |z Togo. 
994 |a E0  |b TXA 
999 |a MARS 
999 f f |s bc734ed7-3591-3863-8fa4-dab7c8c3c159  |i ff0e1b96-f7e5-3c1f-85b5-6a8cfb4578a1  |t 0 
952 f f |p normal  |a Texas A&M University  |b College Station  |c Sterling C. Evans Library  |d Evans: Maps File (2nd floor)  |t 0  |e G3201.P6 s500 .U5 TPC K-2C  |h Library of Congress classification  |i unmediated -- sheet  |m A14825941121 
998 f f |a G3201.P6 s500 .U5 TPC K-2C  |t 0  |l Evans: Maps File (2nd floor)